<?xml version="1.0" encoding="UTF-8"?>
<marc:record xmlns:marc="http://www.loc.gov/MARC21/slim">
   <marc:leader>00000nam a2200000 a 4500</marc:leader>
   <marc:datafield ind1="1" ind2=" " tag="100">
      <marc:subfield code="a">Schwartzman, Jason [Drehb.]</marc:subfield>
      <marc:subfield code="4">aut</marc:subfield>
      <marc:subfield code="e">Verfasser/-in</marc:subfield>
   </marc:datafield>
   <marc:datafield ind1="1" ind2=" " tag="100">
      <marc:subfield code="a">Brody, Adrien</marc:subfield>
   </marc:datafield>
   <marc:datafield ind1="1" ind2=" " tag="100">
      <marc:subfield code="a">Schwartzman, Jason</marc:subfield>
   </marc:datafield>
   <marc:datafield ind1="1" ind2=" " tag="100">
      <marc:subfield code="a">Wilson, Owen</marc:subfield>
   </marc:datafield>
   <marc:datafield ind1="0" ind2="0" tag="245">
      <marc:subfield code="a">Darjeeling Limited</marc:subfield>
   </marc:datafield>
   <marc:datafield ind1="0" ind2="0" tag="245">
      <marc:subfield code="c">Wes Anderson ; Jason Schwartzman</marc:subfield>
   </marc:datafield>
   <marc:datafield ind1=" " ind2="1" tag="264">
      <marc:subfield code="a">Frankfurt/Main</marc:subfield>
      <marc:subfield code="b">Twentieth Century Fox Home Entertainment</marc:subfield>
      <marc:subfield code="c">2008</marc:subfield>
   </marc:datafield>
   <marc:datafield ind1="1" ind2=" " tag="520">
      <marc:subfield code="a">Die 3 Brüder Francis (Owen Wilson), Peter (Adrien Brody) und Jack (Adrien Schwartzman) haben seit einem Jahr keinerlei Kontakt mehr untereinander. Als ihr Vater stirbt, machen sich die Brüder gemeinsam auf die Suche nach ihrer Mutter, die sie in Indien wähnen. Doch die Zugreise entpuppt sich als wahres Chaos und es geht schief, was nur schiefgehen kann. Am Ende sitzen die Brüder mit ihren 11 Koffern, einem Drucker und einem Laminiergerät mitten in der Wüste ... - Getreu seinen bisherigen Filmen legt Regisseur Wes Anderson auch hier wieder einen skurril-verschrobenen Familienfilm vor, den in Deutschland knapp 300.000 Zuschauer sahen. Für mittlere und große Bestände! (Sprachen: D, E, GB; Untertitel: D, D für Hörgesch., E, GB; Kurzfilm "Hotel Chevalier"; Featurette)</marc:subfield>
   </marc:datafield>
   <marc:datafield ind1=" " ind2=" " tag="020">
      <marc:subfield code="a">4010232046680</marc:subfield>
      <marc:subfield code="9">4010232046680</marc:subfield>
   </marc:datafield>
   <marc:datafield ind1=" " ind2=" " tag="500">
      <marc:subfield code="a">Orig.: USA, 2007</marc:subfield>
   </marc:datafield>
   <marc:datafield ind1="0" ind2=" " tag="490">
      <marc:subfield code="v">0</marc:subfield>
   </marc:datafield>
   <marc:datafield ind1=" " ind2=" " tag="300">
      <marc:subfield code="a">1 DVD</marc:subfield>
   </marc:datafield>
</marc:record>
